Lecciones de Lengua Castellana. Curso elemental

Uloženo v:
Podrobná bibliografie
Korporativní autor: Hermanos de las Escuelas Cristianas (Autor)
Médium: Kniha
Jazyk:španělština
Vydáno: Santiago Imprenta de la Gratitud Nacional 1900
Vydání:4a. ed
Témata:
Tagy: Přidat tag
Žádné tagy, Buďte první, kdo vytvoří štítek k tomuto záznamu!

MARC

LEADER 00000nam a2200000 a 4500
001 UCJ8245
003 CL-VaPUC
008 070124e19000000CL |||||||||||||||||spa|d
082 0 4 |a 465  |b HER  |2 21 
110 2 |a Hermanos de las Escuelas Cristianas  |e author  |9 516991 
245 1 0 |a Lecciones de Lengua Castellana. Curso elemental 
250 |a 4a. ed 
300 |a 110 p 
942 |c BK 
945 |d 20070124 00:00:00  |a rinostro 
260 |a Santiago  |b Imprenta de la Gratitud Nacional  |c 1900 
650 0 |a Textos escolares  |9 382843 
650 0 |a Gramática española  |9 403055 
583 |a last modification  |c 20070124 00:00:00  |k Rodrigo Vera 
999 |c 324026  |d 324024 
952 |0 0  |1 0  |4 0  |6 465_000000000000000_HER_1900  |7 0  |8 X  |9 403921  |a FDOBUD  |b FDOBUD  |d 2019-11-22  |i 1074970  |o 465 HER 1900  |p 1074970  |r 2019-11-22  |w 2019-11-22  |y BK_X  |k BUD